| 000 | 00356pab a2200145 454500 | ||
|---|---|---|---|
| 008 | 180718b1990 xxu||||| |||| 00| 0 eng d | ||
| 100 | _aSathe, S.P. | ||
| 245 | _aJudicial process in federal India | ||
| 260 | _c1990 | ||
| 300 | _a21-3 | ||
| 362 | _aIndependence Day Special | ||
| 650 | _aJudicial Procedure - India | ||
| 773 | _aJanata | ||
| 909 | _a11766 | ||
| 999 |
_c11766 _d11766 |
||